[Event "Transcendent Classic I"]
[Site "SchemingMind.com"]
[Date "2014.04.07"]
[Round "-"]
[White "Scooter"]
[Black "Phillip Beckett"]
[Result "0-1"]
[WhiteCountry "USA"]
[BlackCountry "ENG"]
[WhiteElo "1732"]
[WhiteRD "47"]
[BlackElo "1553"]
[BlackRD "49"]
[GameID "354442"]

1. d4 d5 2. Nf3 Nf6 3. Bf4 e6 4. e3 c6 5. c3 Bd6 6. Bxd6 Qxd6 7. Be2 Nbd7 8. O-O e5 9. dxe5 Nxe5 10. Nbd2 O-O
11. Nxe5 Qxe5 12. Nf3 Qc7 13. Nd2 Bf5 14. Nb3 Rad8 15. Nd4 Bg6 16. h3 Rfe8 17. Bd3 Bxd3 18. Qxd3 Ne4 19. Rad1 Nc5 20. Qc2 Qe5
21. Nf3 Qb8 22. Ng5 g6 23. Rd4 Qe5 24. Nf3 Qe7 25. Re1 Ne6 26. Rd2 Ng5 27. Nxg5 Qxg5 28. c4 dxc4 29. Rxd8 Rxd8 30. Qxc4 Qd5
31. Qxd5 Rxd5 32. Re2 Rd1+ 33. Kh2 Kf8 34. Kg3 Ke7 35. Kf4 h6 36. e4 Rd4 37. Ke3 Rd7 38. f4 f6 39. g4 b6 40. b4 Rc7
41. Rd2 c5 42. bxc5 Rxc5 43. a3 Rc3+ 44. Rd3 Rxd3+ 45. Kxd3 Kd6 46. Kc4 Kc6 47. a4 a6 48. h4 Kd6 49. Kd4 Ke6= 50. f5+ gxf5
51. exf5+ Kd6 52. h5 b5 53. axb5 axb5 54. Kc3 Ke5 55. g5 fxg5
0-1

[Event "Transcendent Classic I"]
[Site "SchemingMind.com"]
[Date "2014.04.06"]
[Round "-"]
[White "Phillip Beckett"]
[Black "Transcendent"]
[Result "0-1"]
[WhiteCountry "ENG"]
[BlackCountry "ENG"]
[WhiteElo "1560"]
[WhiteRD "47"]
[BlackElo "1790"]
[BlackRD "68"]
[GameID "354443"]

1. e4 e6 2. d4 d5 3. Nd2 Nf6 4. e5 Nfd7 5. f4 c5 6. c3 Nc6 7. Ndf3 Qb6 8. Ne2 cxd4 9. cxd4 Bb4+ 10. Bd2 O-O
11. a3 Bxd2+ 12. Qxd2 f6 13. g3 fxe5 14. dxe5 Qb3 15. Qc3 Qxc3+ 16. Nxc3 b6 17. Bh3 Nc5 18. O-O-O Ba6 19. Nd4 Nd3+ 20. Kc2 Nxd4+
21. Kb1 Nf5 22. Bxf5 Rxf5 23. Rd2 Nc5 24. b4 Nb3 25. Rb2 Bd3+ 26. Ka2 Nd4 27. Rd1 Bc4+ 28. Kb1 Nb5 29. Nxb5 Bxb5 30. Rc1 Rff8
31. Rc7 Rfc8 32. Rbc2 Bc4 33. Rxc8+ Rxc8 34. Kb2 a5 35. bxa5 bxa5 36. Ka1 Rb8 37. Rb2 Rxb2 38. Kxb2 Kf7 39. Kc3 Kg6
0-1

[Event "Transcendent Classic I"]
[Site "SchemingMind.com"]
[Date "2014.04.06"]
[Round "-"]
[White "Transcendent"]
[Black "Phillip Beckett"]
[Result "1-0"]
[WhiteCountry "ENG"]
[BlackCountry "ENG"]
[WhiteElo "1788"]
[WhiteRD "80"]
[BlackElo "1562"]
[BlackRD "48"]
[GameID "354444"]

1. d4 d5 2. Nf3 Nf6 3. c4 e6 4. g3 Be7 5. Bg2 c6 6. O-O O-O 7. Qc2 Nbd7 8. Nbd2 Bd6 9. e4 dxe4 10. Nxe4 Nxe4
11. Qxe4 Nf6 12. Qc2 Qc7 13. c5 Be7 14. Ne5 Nd7 15. Nc4 Nf6 16. Bg5 h6 17. Bf4 Qd8 18. Bd6 b5 19. Bxe7 Qxe7 20. Bxc6 bxc4
21. Bxa8 Ba6 22. Bg2 Rd8 23. Qc3 Nd5 24. Bxd5 exd5 25. Rfe1 Qf6 26. Re5 Kf8 27. Rae1 Bc8 28. Qa5 Bh3 29. Qb5 Bd7 30. Qxd7
1-0

[Event "Transcendent Classic I"]
[Site "SchemingMind.com"]
[Date "2014.04.07"]
[Round "-"]
[White "Phillip Beckett"]
[Black "Michael Mollenhauer"]
[Result "1-0"]
[WhiteCountry "ENG"]
[BlackCountry "GER"]
[WhiteElo "1553"]
[WhiteRD "49"]
[BlackElo "1034"]
[BlackRD "101"]
[GameID "354445"]

1. e4 e5 2. Nf3 Nc6 3. Bb5 a6 4. Bxc6 dxc6 5. d4 exd4 6. Qxd4 Bg4 7. Qxd8+ Rxd8 8. Bg5 Be7 9. Bxe7 Nxe7 10. Nbd2 O-O
11. O-O-O Ng6 12. h3 Be6 13. a3 c5 14. Rhe1 h6 15. Nf1 Nf4 16. Rxd8 Rxd8 17. Ne3 c4 18. Rd1 Ne2+ 19. Kb1 Rxd1+ 20. Nxd1 Nf4
21. Nc3 b5 22. Ne1 c5 23. Kc1 b4 24. axb4 cxb4 25. Nd1 f6 26. f3 Kf7 27. Ne3
1-0

[Event "Transcendent Classic I"]
[Site "SchemingMind.com"]
[Date "2014.04.07"]
[Round "-"]
[White "Michael Mollenhauer"]
[Black "Phillip Beckett"]
[Result "0-1"]
[WhiteCountry "GER"]
[BlackCountry "ENG"]
[WhiteElo "1034"]
[WhiteRD "101"]
[BlackElo "1553"]
[BlackRD "49"]
[GameID "354446"]

1. e4 e5 2. Nf3 Nc6 3. Bb5 a6 4. Ba4 Nf6 5. Nc3 b5 6. Bb3 Be7 7. d3 d6 8. h3 O-O 9. O-O Bb7 10. Nd5 Nxd5
11. Bxd5 Na5 12. Bxb7 Nxb7 13. Be3 c5 14. a3 f5 15. exf5 Rxf5 16. Re1 Qf8 17. c4 Na5 18. Bd2 Nb7 19. Bc3 Nd8 20. b4 cxb4
21. axb4 Ne6 22. cxb5 axb5 23. Rxa8 Qxa8 24. Re3 Ng5 25. Nxg5 Bxg5 26. Qg4 Qf8
0-1

[Event "Transcendent Classic I"]
[Site "SchemingMind.com"]
[Date "2014.04.06"]
[Round "-"]
[White "Phillip Beckett"]
[Black "ray winteringham"]
[Result "1-0"]
[WhiteCountry "ENG"]
[BlackCountry "ENG"]
[WhiteElo "1553"]
[WhiteRD "49"]
[BlackElo "1462"]
[BlackRD "51"]
[GameID "354447"]

1. e4 e5 2. Nf3 Nc6 3. d4 d6 4. dxe5 Bg4 5. exd6 Bxd6 6. h3 Bh5 7. Be2 Nf6 8. e5 Bxf3 9. Bxf3 Bxe5 10. Qxd8+ Rxd8
11. c3 O-O 12. Bg5 Rd5 13. Be3 Rdd8 14. Nd2 h6 15. O-O-O Rb8 16. Nc4 Rfe8 17. Nxe5 Nxe5 18. Be2 b6 19. Rhe1 Ng6 20. Bb5 Red8
21. Rxd8+ Rxd8 22. Rd1 Rxd1+ 23. Kxd1 Nd5 24. Bd2 Nge7 25. Ke2 c6 26. Bd3 f6 27. Bc4 b5 28. Bb3 Kh8 29. c4 Nc7 30. cxb5 cxb5=
31. Bf4 Na6 32. Bd6 Nf5 33. Bf4 Nd4+ 34. Kd3 Nxb3 35. axb3 Nb4+ 36. Kd4 a6 37. Be3 Kg8 38. Kc5 Nd3+ 39. Kb6 Nxb2 40. Kxa6 Nd3
41. Kxb5 Kf7 42. Kc4 Nb2+ 43. Kd5 Nd3 44. Kc4 Ne5+ 45. Kd5 Ke7 46. b4 Kd7 47. b5 Kc8 48. Bf4 Nd7 49. Ke6 g5 50. Bc1 Kc7
51. Bb2 h5 52. Bxf6 g4 53. hxg4 hxg4 54. Bd4 Nf8+ 55. Kf5 g3 56. fxg3 Kb7 57. g4
1-0

[Event "Transcendent Classic I"]
[Site "SchemingMind.com"]
[Date "2014.04.06"]
[Round "-"]
[White "ray winteringham"]
[Black "Phillip Beckett"]
[Result "1-0"]
[WhiteCountry "ENG"]
[BlackCountry "ENG"]
[WhiteElo "1462"]
[WhiteRD "51"]
[BlackElo "1553"]
[BlackRD "49"]
[GameID "354448"]

1. d4 d5 2. c4 e6 3. Nf3 Nf6 4. Bg5 Be7 5. e3 h6 6. Bh4 O-O 7. c5 c6 8. Bd3 Nbd7 9. Nc3 Re8 10. b4 a6
11. O-O Nh7 12. Bxe7 Qxe7 13. Qb1 e5 14. dxe5 Nxe5 15. Bxh7+ Kh8 16. Nxe5 Qxe5 17. Ne2 g6 18. Bxg6 fxg6 19. Qxg6 Qg7 20. Qxe8+
1-0

[Event "Transcendent Classic I"]
[Site "SchemingMind.com"]
[Date "2014.04.11"]
[Round "-"]
[White "The Stonewall"]
[Black "mmccaffe"]
[Result "1-0"]
[WhiteCountry "ENG"]
[BlackCountry "USA"]
[WhiteElo "2474"]
[WhiteRD "93"]
[BlackElo "1676"]
[BlackRD "58"]
[GameID "354453"]

1. d4 Nf6 2. Bg5 g6 3. Bxf6 exf6 4. e3 Bg7 5. g3 O-O 6. Bg2 d6 7. Ne2 Nc6 8. O-O Re8 9. Qd2 f5 10. c4 Bd7
11. Nbc3 a5 12. Nf4 Qb8 13. Rac1 a4 14. Ncd5 Ne7 15. Rc3 c6 16. Nb6
1-0

[Event "Transcendent Classic I"]
[Site "SchemingMind.com"]
[Date "2014.04.09"]
[Round "-"]
[White "mmccaffe"]
[Black "The Stonewall"]
[Result "0-1"]
[WhiteCountry "USA"]
[BlackCountry "ENG"]
[WhiteElo "1708"]
[WhiteRD "69"]
[BlackElo "2340"]
[BlackRD "98"]
[GameID "354454"]

1. e4 e6 2. d4 d5 3. Nc3 Bb4 4. e5 c5 5. a3 cxd4 6. axb4 dxc3 7. bxc3 Qc7 8. Nf3 Ne7 9. Bd3 Nd7 10. Bf4 Qxc3+
11. Bd2 Qc7 12. Qe2 Ng6 13. O-O Ngxe5 14. Nxe5 Qxe5 15. Qxe5 Nxe5 16. Be3 a6 17. Bf4 Nxd3 18. cxd3 Bd7 19. Rfc1 Bc6 20. d4 Ke7
21. Rc5 Rac8 22. Rac1 f6 23. Bg3 h5 24. h3 Kf7 25. Bf4 Rhe8 26. h4 e5 27. dxe5 fxe5 28. Bg5 Kg6 29. g3 Rf8 30. Kf1 Rce8
31. Be3 d4 32. Bg5 Rf3 33. R1c2 e4 34. Kg2 Rb3 35. R5c4 e3+ 36. Kf1 Bb5
0-1

[Event "Transcendent Classic I"]
[Site "SchemingMind.com"]
[Date "2014.04.11"]
[Round "-"]
[White "The Stonewall"]
[Black "Brian Acebo"]
[Result "1-0"]
[WhiteCountry "ENG"]
[BlackCountry "USA"]
[WhiteElo "2474"]
[WhiteRD "93"]
[BlackElo "1663"]
[BlackRD "88"]
[GameID "354455"]

1. d4 d5 2. Nc3 Nf6 3. Bg5 e6 4. Nf3 Be7 5. Bxf6 Bxf6 6. e4 dxe4 7. Nxe4 Be7 8. Bd3 O-O 9. Qe2 b6 10. Nf6+ Bxf6
11. Qe4 g6 12. Qxa8 Nd7 13. Qxa7 Bg7 14. Bb5 Nf6 15. O-O Qd6 16. c3 Bd7 17. Bxd7 Qxd7 18. a4 Nd5 19. a5 bxa5 20. Rxa5 Rc8
21. Rfa1 Nb6 22. Qa6 Ra8 23. Qe2 Rxa5 24. Rxa5 h6 25. Qb5 Qd6 26. Qe8+ Bf8 27. Ne5 Qe7 28. Qxe7 Bxe7 29. Kf1 Kg7 30. Ke2 Nc4
31. Nxc4 f6 32. Ra7 Bd8 33. Na5 Kf7 34. Nc6 Ke8 35. Ra8
1-0

[Event "Transcendent Classic I"]
[Site "SchemingMind.com"]
[Date "2014.04.09"]
[Round "-"]
[White "Brian Acebo"]
[Black "The Stonewall"]
[Result "0-1"]
[WhiteCountry "USA"]
[BlackCountry "ENG"]
[WhiteElo "1636"]
[WhiteRD "96"]
[BlackElo "2457"]
[BlackRD "91"]
[GameID "354456"]

1. e4 e6 2. d4 c5 3. Nf3 cxd4 4. Nxd4 Nf6 5. Bd3 Nc6 6. Nf3 d5 7. exd5 Nxd5 8. O-O Be7 9. a3 Qc7 10. c4 Nf4
11. Bc2 O-O 12. b4 Rd8 13. Qe1 a5 14. Bb2 axb4 15. axb4 Rxa1 16. Bxa1 Nxb4 17. Qe4 f5 18. Qe3 Nxc2 19. Qc3 Nxa1 20. Nbd2 Ne2+
0-1

[Event "Transcendent Classic I"]
[Site "SchemingMind.com"]
[Date "2014.04.09"]
[Round "-"]
[White "The Stonewall"]
[Black "Phillip Beckett"]
[Result "1-0"]
[WhiteCountry "ENG"]
[BlackCountry "ENG"]
[WhiteElo "2430"]
[WhiteRD "90"]
[BlackElo "1553"]
[BlackRD "49"]
[GameID "354457"]

1. c4 e5 2. g3 Nf6 3. Bg2 Nc6 4. Nc3 d6 5. d3 g6 6. Nf3 Nd4 7. Nxd4 exd4 8. Nb5 c5 9. Qa4 Bd7 10. Bxb7 Rb8
11. Qxa7 Bxb5 12. cxb5 Qc7 13. Bc6+ Kd8 14. Qa4 Bg7 15. O-O d5 16. Bf4
1-0

[Event "Transcendent Classic I"]
[Site "SchemingMind.com"]
[Date "2014.04.09"]
[Round "-"]
[White "Phillip Beckett"]
[Black "The Stonewall"]
[Result "0-1"]
[WhiteCountry "ENG"]
[BlackCountry "ENG"]
[WhiteElo "1553"]
[WhiteRD "49"]
[BlackElo "2430"]
[BlackRD "90"]
[GameID "354458"]

1. e4 e6 2. d4 d5 3. Nd2 Nc6 4. c3 e5 5. exd5 Qxd5 6. dxe5 Nxe5 7. Ngf3 Nd3+ 8. Bxd3 Qxd3 9. Qe2+ Qxe2+ 10. Kxe2 Bd7
11. Re1 O-O-O 12. Kf1 Nf6 13. Nb3 Nd5 14. Bg5 f6 15. Bh4 Nb6 16. Rad1 Na4 17. Re2 Bb5 18. Rxd8+ Kxd8 19. Nbd4 Bxe2+ 20. Kxe2 Nxb2
21. Ne6+ Kd7 22. Nxf8+ Rxf8 23. Nd4 Re8+ 24. Kd2 Nc4+ 25. Kd3 Nd6 26. Bg3 Re1 27. Kd2 Ra1 28. Bxd6 cxd6 29. a3 Rxa3 30. Nb5 Ra2+
31. Ke3 a6 32. Nd4 g6
0-1

[Event "Transcendent Classic I"]
[Site "SchemingMind.com"]
[Date "2014.04.07"]
[Round "-"]
[White "The Stonewall"]
[Black "Scooter"]
[Result "1-0"]
[WhiteCountry "ENG"]
[BlackCountry "USA"]
[WhiteElo "2430"]
[WhiteRD "90"]
[BlackElo "1732"]
[BlackRD "47"]
[GameID "354459"]

1. d4 Nf6 2. c4 g6 3. Nc3 Bg7 4. e4 d6 5. f3 O-O 6. Be3 Re8 7. Qd2 e5 8. d5 a6 9. Bd3 Nbd7 10. Nge2 Nc5
11. Bc2 b6 12. b4 Ncd7 13. Ba4 Bb7 14. O-O Rc8 15. g4 c5 16. dxc6 Bxc6 17. Rac1 Bxa4 18. Nxa4 b5 19. cxb5 axb5 20. Nac3
1-0

[Event "Transcendent Classic I"]
[Site "SchemingMind.com"]
[Date "2014.04.09"]
[Round "-"]
[White "The Stonewall"]
[Black "Transcendent"]
[Result "1-0"]
[WhiteCountry "ENG"]
[BlackCountry "ENG"]
[WhiteElo "2457"]
[WhiteRD "91"]
[BlackElo "1788"]
[BlackRD "80"]
[GameID "354461"]

1. c4 c6 2. g3 Nf6 3. Bg2 d5 4. Nf3 g6 5. b3 Bg7 6. Bb2 O-O 7. O-O Qb6 8. Qc2 Bf5 9. d3 dxc4 10. bxc4 Nbd7
11. Nbd2 Rad8 12. Rab1 Qc7 13. Nd4 e5 14. Nxf5 gxf5 15. Nf3 Rfe8 16. Nh4 f4 17. Nf5 Bf8 18. Bf3 fxg3 19. hxg3 Nc5 20. Qc1 Qd7
21. Qg5+ Kh8 22. Qxf6+
1-0

[Event "Transcendent Classic I"]
[Site "SchemingMind.com"]
[Date "2014.04.09"]
[Round "-"]
[White "Transcendent"]
[Black "The Stonewall"]
[Result "0-1"]
[WhiteCountry "ENG"]
[BlackCountry "ENG"]
[WhiteElo "1790"]
[WhiteRD "68"]
[BlackElo "2474"]
[BlackRD "93"]
[GameID "354462"]

1. d4 Nf6 2. c4 d6 3. Nf3 g6 4. g3 Bg7 5. Bg2 O-O 6. O-O c6 7. Nc3 Bf5 8. Re1 Ne4 9. Nxe4 Bxe4 10. Qb3 Qc7
11. e3 Nd7 12. Nd2 Bxg2 13. Kxg2 e5 14. Nf3 e4 15. Ng5 Qa5 16. Qd1 Qxg5 17. h4 Qf5 18. Rf1 Nf6 19. f3 Qe6 20. Qc2 exf3+
21. Rxf3 Ne4 22. Bd2 Nxd2 23. Qxd2 Qxc4 24. Raf1 Rae8 25. h5 Qxa2 26. hxg6 fxg6 27. Qc3 Qd5 28. b3 Rxf3 29. Rxf3 Rf8 30. Qc4 Qxc4
31. bxc4 Rxf3
0-1

[Event "Transcendent Classic I"]
[Site "SchemingMind.com"]
[Date "2014.04.09"]
[Round "-"]
[White "The Stonewall"]
[Black "Michael Mollenhauer"]
[Result "1-0"]
[WhiteCountry "ENG"]
[BlackCountry "GER"]
[WhiteElo "2430"]
[WhiteRD "90"]
[BlackElo "1034"]
[BlackRD "101"]
[GameID "354463"]

1. d4 d5 2. c4 e6 3. Nc3 Nf6 4. cxd5 exd5 5. Bg5 Be7 6. e3 c6 7. Qc2 Bg4 8. Bd3 h6 9. Bf4 Nbd7 10. h3 Be6
11. Nf3 O-O 12. O-O Re8 13. a3 Nb6 14. Be5
1-0

[Event "Transcendent Classic I"]
[Site "SchemingMind.com"]
[Date "2014.04.09"]
[Round "-"]
[White "Michael Mollenhauer"]
[Black "The Stonewall"]
[Result "0-1"]
[WhiteCountry "GER"]
[BlackCountry "ENG"]
[WhiteElo "1034"]
[WhiteRD "101"]
[BlackElo "2430"]
[BlackRD "90"]
[GameID "354464"]

1. e4 g6 2. d4 Bg7 3. Nf3 c5 4. d5 Nf6 5. Nc3 d6 6. Bb5+ Bd7 7. Bxd7+ Nbxd7 8. O-O b5 9. a3 a6 10. Re1 O-O
11. h3 Nb6 12. b3 Nfxd5 13. exd5 Bxc3 14. Bh6 Re8 15. Re2 Bxa1
0-1

[Event "Transcendent Classic I"]
[Site "SchemingMind.com"]
[Date "2014.04.08"]
[Round "-"]
[White "The Stonewall"]
[Black "ray winteringham"]
[Result "1-0"]
[WhiteCountry "ENG"]
[BlackCountry "ENG"]
[WhiteElo "2430"]
[WhiteRD "90"]
[BlackElo "1462"]
[BlackRD "51"]
[GameID "354465"]

1. c4 b5 2. cxb5 Nf6 3. Nc3 g6 4. d4 Bb7 5. Nf3 a6 6. e3 Bd5 7. Nxd5 Nxd5 8. Qb3 e6 9. Bd2 axb5 10. Bxb5 c6
11. Bc4 Bg7 12. O-O O-O 13. Rfc1 d6 14. e4 Nb6 15. Bd3 N8d7 16. Rxc6 d5 17. e5 Rb8 18. Qc2 f5 19. Rxe6 Rc8 20. Rc6 Rb8
21. e6 Nf6 22. Ba5 Re8 23. Qb3
1-0

[Event "Transcendent Classic I"]
[Site "SchemingMind.com"]
[Date "2014.04.08"]
[Round "-"]
[White "ray winteringham"]
[Black "The Stonewall"]
[Result "0-1"]
[WhiteCountry "ENG"]
[BlackCountry "ENG"]
[WhiteElo "1462"]
[WhiteRD "51"]
[BlackElo "2430"]
[BlackRD "90"]
[GameID "354466"]

1. d4 c5 2. dxc5 e6 3. Nf3 Bxc5 4. e3 Nf6 5. Bc4 O-O 6. b3 d5 7. Bd3 Nc6 8. O-O e5 9. Ne1 Be6 10. Bb2 Qe7
11. Nc3 a6 12. a3 Rfd8 13. h3 e4 14. Be2 d4 15. Na4 dxe3
0-1